XG - Membres par photo - Statistiques

Statistiques générales
  • Ce quiz a été pris 16 fois
  • Le résultat moyen est 6 sur 7
Statistiques - réponses
Par images Réponse % Correct
Cocona
100%
Harvey
100%
Chisa
93%
Hinata
93%
Juria
87%
Jurin
87%
Maya
87%
Aucun quiz correspondant
Distribution des résultats
% des personnes avec chaque résultat
Percentile par nombre de réponses
Votre historique - résultats
Vous n’avez pas pris ce quiz